000 00321nam a2200121Ia 4500
008 190216s9999||||xx |||||||||||||| ||und||
100 _aAcheson R M
245 0 _aIntroduction To The Chemisty Of Heterocyclic Compundas
260 _bWiley Eastern Ltd
_c1976
300 _a300p
650 _aChemistry-Chemistry
942 _cBK
999 _c2336
_d2336